000
00293nam a22001337a 4500
008
170619b xxu||||| |||| 00| 0 eng d
020
_a
9780321088796
041
_a
eng
080
_2
5TH
_a
323
100
_a
20
101
_a
SHP
245
_a
THE OTHER WORLD
_c
WEATHERBY,J.N
942
_2
udc
_c
BK
999
_c
18033
_d
18033